000 00542nam a2200181Ia 4500
008 090123s9999 xx 000 0 und d
082 _b4520
_a891.463/नंदा
100 _aनंदा गुलशन
245 _aचंदेरी विश्व
250 _a1
260 _bमनोरंजन
_c1976
300 _a126
600 _aनंदा गुलशन
630 _aचंदेरी विश्व
700 _aनंदा गुलशन
730 _aचंदेरी विश्व
942 _cBOOK
999 _c42595
_d42595